Tiere mit S - Statistiken

Allgemein
  • Dieses Quiz wurde 121 mal gespielt
    119 seit der letzten Aktualisierung
  • Das Durchschnittsergebnis liegt bei 14 aus 38
Antwortstatistiken
Hint Antwort % Korrekt
Säugetier Schwein
83%
Reptil Schlange
69%
Fisch Stör
67%
Amphibie Salamander
65%
Sonstiges Spinne
59%
Säugetier Seelöwe
58%
Vogel Spatz
57%
Vogel Schwan
56%
Vogel Storch
52%
Vogel Specht
48%
Vogel Schwalbe
46%
Säugetier Seehund
46%
Säugetier Schaf
45%
Fisch Seepferdchen
45%
Reptil Schildkröte
43%
Säugetier Stier
39%
Vogel Star
38%
Insekt Schmetterling
36%
Sonstiges Seeigel
36%
Säugetier Schimpanse
35%
Sonstiges Schnecke
35%
Sonstiges Seestern
34%
Sonstiges Skorpion
23%
Säugetier Schnabeltier
22%
Säugetier Seeelefant
22%
Vogel Strauß
22%
Säugetier Stachelschwein
21%
Fisch Sardine
19%
Säugetier Siebenschläfer
19%
Säugetier Schakal
18%
Säugetier Steinbock
18%
Säugetier Schneeleopard
17%
Säugetier Schwertwal
16%
Säugetier Skunk
12%
Insekt Schnake
11%
Säugetier Streifenhörnchen
11%
Vogel Schleiereule
5%
Vogel Schneehuhn
4%
Keine übereinstimmenden Quizze gefunden
Verteilung der Resultate
Anzahl Personen mit jedem Resultat
Perzentil nach korrekt beantworteten Fragen
Ihre Resultats-Entwicklung
Sie haben dieses Quiz seit der letzten Aktualisierung nicht gespielt